[Event "2. Bundesliga Ost 2008/2009"]
[Site "3-5.10.Bruck,22-23.11.Poechlarn,17-18.1.Wr.Neust,28
[Date "2009.02.28"]
[Round "8"]
[Board "6"]
[White "Petschar, Hans"]
[Black "Stranz, Richard"]
[Result "1/2-1/2"]
[WhiteElo "2075"]
[BlackElo "2253"]
[PlyCount "27"]
[EventDate "2008.10.03"]
[EventType "team"]
[EventRounds "11"]
[EventCountry "AUT"]
[WhiteTeam "SV Tschaturanga Neubau"]
[BlackTeam "ASVOE SK Lackenbach"]

1.Nf3 c5 2.c4 Nf6 3.Nc3 g6 4.e4 d6 5.d4 cxd4 6.Nxd4 Bg7 7.Be2 O-O 8.Be3 b6 9.O-O
Bb7 10.f3 Nbd7 11.Qd2 Rc8 12.Rac1 Re8 13.Rfd1 Qc7 14.Bf1

[Event "2. Bundesliga Ost 2008/2009"]
[Site "3-5.10.Bruck,22-23.11.Poechlarn,17-18.1.Wr.Neust,28
[Date "2009.02.28"]
[Round "8"]
[Board "1"]
[White "Videki, Sandor"]
[Black "Blatny, Pavel"]
[Result "1-0"]
[WhiteElo "2428"]
[BlackElo "2416"]
[PlyCount "89"]
[EventDate "2008.10.03"]
[EventType "team"]
[EventRounds "11"]
[EventCountry "AUT"]
[WhiteTeam "Spg Data Technlogy Eichgraben/P."]
[BlackTeam "SK Zwettl"]

1.e4 g6 2.d4 d6 3.Nc3 Bg7 4.f4 e6 5.Nf3 Ne7 6.Be3 Nd7 7.Qd2 b6 8.O-O-O Bb7 9.Bd3
d5 10.e5 h5 11.h3 h4 12.Bf2 Nf5 13.Qe1 Bh6 14.Ne2 Ng3 15.Bxg3 hxg3 16.Qxg3 c5
17.c3 c4 18.Bc2 b5 19.h4 Qa5 20.h5 gxh5 21.Rxh5 O-O-O 22.Rdh1 Rhg8 23.Qf2 Bf8
24.a3 Bxa3 25.bxa3 Qxa3+ 26.Kd2 a5 27.Ng5 b4 28.Nxf7 b3 29.Nxd8 Qb2 30.Rc1 Rxd8
31.Ke3 a4 32.f5 exf5 33.Bxf5 Qa3 34.Rh7 Bc6 35.Rch1 Kc7 36.Qg3 Kb6 37.R1h6 Qf8
38.Qg6 Nb8 39.Rh8 Qxh8 40.Rxh8 Rxh8 41.Qd6 Kb7 42.Nf4 Na6 43.Nxd5 a3 44.Qe7+ Kb8
45.Nb4

[Event "2. Bundesliga Ost 2008/2009"]
[Site "3-5.10.Bruck,22-23.11.Poechlarn,17-18.1.Wr.Neust,28
[Date "2009.02.28"]
[Round "8"]
[Board "2"]
[White "Holemar, David"]
[Black "Ganaus, Hannes"]
[Result "1/2-1/2"]
[WhiteElo "2326"]
[BlackElo "2275"]
[PlyCount "89"]
[EventDate "2008.10.03"]
[EventType "team"]
[EventRounds "11"]
[EventCountry "AUT"]
[WhiteTeam "SK Zwettl"]
[BlackTeam "Spg Data Technlogy Eichgraben/P."]

1.c4 Nf6 2.Nf3 e6 3.g3 d5 4.d4 c6 5.Bg2 Be7 6.O-O O-O 7.Nc3 b6 8.Ne5 Bb7 9.a3
Nfd7 10.Nxd7 Qxd7 11.Qd3 Na6 12.Rd1 f5 13.Bf4 Nc7 14.Be5 Ba6 15.b3 Ne8 16.Na2
Nd6 17.Nb4 Bb7 18.Qc3 a5 19.Nd3 Ne4 20.Qb2 Ba6 21.Rdc1 Rac8 22.f3 Ng5 23.cxd5
exd5 24.Qd2 Nf7 25.Qe3 Bxd3 26.exd3 Nxe5 27.dxe5 d4 28.Qd2 f4 29.gxf4 Qf5 30.Re1
Qxf4 31.Qxf4 Rxf4 32.Re2 Rc7 33.Raa2 Kf7 34.Ra1 g6 35.Rb2 Ke6 36.b4 axb4 37.axb4
Bh4 38.Re2 b5 39.Ra6 Be7 40.Rc2 Kxe5 41.Rcxc6 Rxc6 42.Rxc6 Bxb4 43.Rb6 Bd2
44.Rxb5+ Kf6 45.Kf2

[Event "2. Bundesliga Ost 2008/2009"]
[Site "3-5.10.Bruck,22-23.11.Poechlarn,17-18.1.Wr.Neust,28
[Date "2009.02.28"]
[Round "8"]
[Board "3"]
[White "Neumeier, Klaus"]
[Black "Vyskocil, Neklan"]
[Result "1-0"]
[WhiteElo "2319"]
[BlackElo "2315"]
[PlyCount "51"]
[EventDate "2008.10.03"]
[EventType "team"]
[EventRounds "11"]
[EventCountry "AUT"]
[WhiteTeam "Spg Data Technlogy Eichgraben/P."]
[BlackTeam "SK Zwettl"]

1.e4 c5 2.Nf3 d6 3.d4 cxd4 4.Nxd4 Nf6 5.Nc3 Nc6 6.Bc4 e6 7.Be3 a6 8.Bb3 Be7 9.f4
O-O 10.Qf3 Qc7 11.O-O Bd7 12.g4 Nxd4 13.Bxd4 e5 14.g5 exd4 15.gxf6 dxc3 16.fxe7
Rfe8 17.f5 Qc5+ 18.Kh1 Qe5 19.f6 gxf6 20.bxc3 Rxe7 21.Bd5 Be6 22.Rf2 Bxd5
23.exd5 Qe4 24.Rg2+ Kf8 25.Qxf6 Re5 26.Qh8+

[Event "2. Bundesliga Ost 2008/2009"]
[Site "3-5.10.Bruck,22-23.11.Poechlarn,17-18.1.Wr.Neust,28
[Date "2009.02.28"]
[Round "8"]
[Board "4"]
[White "Pisk, Petr"]
[Black "Weissenbeck, Manuel"]
[Result "1-0"]
[WhiteElo "2327"]
[BlackElo "2279"]
[PlyCount "45"]
[EventDate "2008.10.03"]
[EventType "team"]
[EventRounds "11"]
[EventCountry "AUT"]
[WhiteTeam "SK Zwettl"]
[BlackTeam "Spg Data Technlogy Eichgraben/P."]

1.e4 c5 2.d4 cxd4 3.c3 d5 4.exd5 Nf6 5.cxd4 Nxd5 6.Nc3 e6 7.Nf3 Be7 8.Bd3 a6
9.O-O Nc6 10.Re1 Ncb4 11.Bb1 b5 12.Ne5 Bf6 13.Ne4 Qc7 14.Qh5 Kf8 15.Bd2 Bb7
16.Rc1 Nc6 17.Nxc6 Bxc6 18.Nxf6 gxf6 19.Be4 Qd6 20.Rc5 Rg8 21.Rac1 Bb7 22.Bxd5
exd5 23.Rc7

[Event "2. Bundesliga Ost 2008/2009"]
[Site "3-5.10.Bruck,22-23.11.Poechlarn,17-18.1.Wr.Neust,28
[Date "2009.02.28"]
[Round "8"]
[Board "5"]
[White "Hechl, Gerald"]
[Black "Wagner, Stefan"]
[Result "1-0"]
[WhiteElo "2218"]
[BlackElo "2133"]
[PlyCount "63"]
[EventDate "2008.10.03"]
[EventType "team"]
[EventRounds "11"]
[EventCountry "AUT"]
[WhiteTeam "Spg Data Technlogy Eichgraben/P."]
[BlackTeam "SK Zwettl"]

1.Nc3 c5 2.Nf3 g6 3.d4 cxd4 4.Nxd4 Bg7 5.g3 Nc6 6.Be3 Nf6 7.Bg2 O-O 8.Qd2 a6
9.Rd1 Qc7 10.O-O d6 11.Na4 Ng4 12.Nxc6 bxc6 13.Bb6 Qb7 14.c4 Ne5 15.b3 Be6
16.Bd4 Rad8 17.Qc3 f6 18.f4 Nf7 19.Qf3 Bd7 20.Nb6 Be8 21.a4 Qb8 22.a5 e5 23.Bb2
f5 24.e4 c5 25.exf5 gxf5 26.Qb7 e4 27.Qxb8 Rxb8 28.Bxg7 Kxg7 29.Rd5 Nh6 30.Rxd6
Bh5 31.Rd5 Rfd8 32.Bxe4

[Event "2. Bundesliga Ost 2008/2009"]
[Site "3-5.10.Bruck,22-23.11.Poechlarn,17-18.1.Wr.Neust,28
[Date "2009.02.28"]
[Round "8"]
[Board "6"]
[White "Lipp, Alfred"]
[Black "Pichler, Michael"]
[Result "1/2-1/2"]
[WhiteElo "2112"]
[BlackElo "2166"]
[PlyCount "81"]
[EventDate "2008.10.03"]
[EventType "team"]
[EventRounds "11"]
[EventCountry "AUT"]
[WhiteTeam "SK Zwettl"]
[BlackTeam "Spg Data Technlogy Eichgraben/P."]

1.c4 e6 2.d4 d5 3.Nc3 Nf6 4.Bg5 Nbd7 5.e3 c6 6.Nf3 Qa5 7.Nd2 dxc4 8.Bxf6 Nxf6
9.Nxc4 Qc7 10.Rc1 Be7 11.Bd3 O-O 12.O-O Rd8 13.Qf3 c5 14.Rfd1 Bd7 15.Ne5 cxd4
16.exd4 Rac8 17.Nd5 Qxc1 18.Nxe7+ Kf8 19.Nxc8 Qxc8 20.Bxh7 Bc6 21.Nxc6 Qxc6
22.Qxc6 bxc6 23.Bc2 Rb8 24.Bb3 Ke7 25.Rc1 Kd6 26.f3 Nd7 27.Kf2 c5 28.Rc4 e5
29.dxc5+ Nxc5 30.Rc3 f5 31.Kg3 a5 32.h4 a4 33.Bf7 Rxb2 34.Ra3 f4+ 35.Kh3 Ke7
36.Bg6 Re2 37.Rc3 Kd6 38.Bf7 Rd2 39.Bc4 Kc6 40.h5 Kd6 41.Ra3

[Event "2. Bundesliga Ost 2008/2009"]
[Site "3-5.10.Bruck,22-23.11.Poechlarn,17-18.1.Wr.Neust,28
[Date "2009.02.28"]
[Round "8"]
[Board "1"]
[White "Farago, Ivan"]
[Black "Zilka, Stepan"]
[Result "1/2-1/2"]
[WhiteElo "2489"]
[BlackElo "2471"]
[PlyCount "168"]
[EventDate "2008.10.03"]
[EventType "team"]
[EventRounds "11"]
[EventCountry "AUT"]
[WhiteTeam "ASVOE VHS Poechlarn"]
[BlackTeam "Blackburne Nickelsdorf"]

1.d4 Nf6 2.c4 e6 3.Nf3 Bb4+ 4.Bd2 Qe7 5.g3 Nc6 6.Nc3 Bxc3 7.Bxc3 Ne4 8.Rc1 d6
9.d5 Nxc3 10.Rxc3 Nb8 11.dxe6 fxe6 12.Bg2 O-O 13.O-O Nc6 14.Nd4 Bd7 15.Nxc6 Bxc6
16.Bxc6 bxc6 17.Qa4 c5 18.Rb3 Qe8 19.Qxe8 Rfxe8 20.Rb7 Rec8 21.b4 cxb4 22.Rxb4
Rcb8 23.Rfb1 Rb6 24.R1b3 Rc6 25.f4 Kf7 26.Kf2 Ke7 27.Ke3 Rc5 28.Kd3 Ra5 29.a3 a6
30.Kc3 e5 31.Kb2 exf4 32.gxf4 Rh5 33.Rg3 g6 34.h3 Kd7 35.Rbb3 Rf8 36.Rbf3 Rhf5
37.Rg4 Re8 38.e3 Rb8+ 39.Ka2 Kc6 40.Rg2 Rc5 41.Rc2 Re8 42.Kb3 Re4 43.Rc3 Ra5
44.Kc2 Re8 45.Kd3 Rb8 46.e4 Rf8 47.Kd4 Rc5 48.Rce3 Rh5 49.e5 Rhf5 50.e6 Re8
51.Re4 Ra5 52.Rc3 Ra4 53.Re2 Rf8 54.Re4 Ra5 55.Rg3 Raf5 56.Ke3 R5f6 57.Kd3 Re8
58.Rge3 Kc5 59.Re1 Re7 60.R1e2 c6 61.Re1 Rf8 62.Rb1 Rfe8 63.Rbe1 Rb8 64.Kc3 a5
65.Rg1 Rbe8 66.Rg5+ Kb6 67.c5+ dxc5 68.Rge5 Rd8 69.f5 gxf5 70.Rxf5 Rd4 71.Rfe5
Rd5 72.Kc4 Rd1 73.Re1 Rd4+ 74.Kc3 Ra4 75.Kb3 Rh4 76.R1e3 Kb5 77.R5e4 a4+ 78.Kc3
Rh6 79.Re5 Kb6 80.R5e4 Kb5 81.Re5 Rf6 82.Re1 Kb6 83.Kc4 Rf4+ 84.R1e4 Rf2

[Event "2. Bundesliga Ost 2008/2009"]
[Site "3-5.10.Bruck,22-23.11.Poechlarn,17-18.1.Wr.Neust,28
[Date "2009.02.28"]
[Round "8"]
[Board "2"]
[White "Pinter, Erik"]
[Black "Kostic, Vladimir"]
[Result "1/2-1/2"]
[WhiteElo "2415"]
[BlackElo "2422"]
[PlyCount "32"]
[EventDate "2008.10.03"]
[EventType "team"]
[EventRounds "11"]
[EventCountry "AUT"]
[WhiteTeam "Blackburne Nickelsdorf"]
[BlackTeam "ASVOE VHS Poechlarn"]

1.e4 e6 2.d4 d5 3.Nc3 dxe4 4.Nxe4 Nd7 5.Nf3 Ngf6 6.Nxf6+ Nxf6 7.Bd3 c5 8.dxc5
Bxc5 9.O-O O-O 10.Qe2 Be7 11.Bg5 h6 12.Bh4 Nh5 13.Bxe7 Qxe7 14.Qe3 Nf6 15.a4 Qc7
16.a5 Rd8

[Event "2. Bundesliga Ost 2008/2009"]
[Site "3-5.10.Bruck,22-23.11.Poechlarn,17-18.1.Wr.Neust,28
[Date "2009.02.28"]
[Round "8"]
[Board "3"]
[White "Rumpl, Erwin"]
[Black "Vlcek, Stanislav"]
[Result "1/2-1/2"]
[WhiteElo "2310"]
[BlackElo "2312"]
[PlyCount "107"]
[EventDate "2008.10.03"]
[EventType "team"]
[EventRounds "11"]
[EventCountry "AUT"]
[WhiteTeam "ASVOE VHS Poechlarn"]
[BlackTeam "Blackburne Nickelsdorf"]

1.Nf3 Nf6 2.d4 g6 3.g3 Bg7 4.b3 c5 5.Bb2 cxd4 6.Nxd4 d5 7.Bg2 O-O 8.O-O Nc6 9.c4
Nxd4 10.Qxd4 Nh5 11.Qd2 dxc4 12.Bxg7 Nxg7 13.bxc4 Ne6 14.Rd1 Qxd2 15.Rxd2 Rb8
16.Nc3 Nc5 17.Nd5 e6 18.Nb4 b6 19.Rad1 Bb7 20.Nc6 Bxc6 21.Bxc6 Rfc8 22.Bf3 Kf8
23.h4 h6 24.Kf1 Ke7 25.e3 Rc7 26.Rd4 Rbc8 27.Be2 Nd7 28.f4 Nb8 29.Kf2 Nc6
30.R4d3 Na5 31.Ra3 Rc5 32.Rb1 R8c7 33.Rb5 Kf6 34.g4 R5c6 35.g5+ hxg5 36.hxg5+
Ke7 37.Rb4 Rd6 38.Rb5 Rdc6 39.Rb4 Rc8 40.Rb5 R6c7 41.Kf3 Rc5 42.Rxc5 Rxc5 43.Ke4
Kd6 44.Rd3+ Kc7 45.Rc3 Nb7 46.Ra3 a5 47.Kd4 e5+ 48.Kd3 Nd6 49.Rc3 Nf5 50.Bf3 Ne7
51.Rc2 Nc6 52.Bxc6 Kxc6 53.Rf2 exf4 54.Rxf4

[Event "2. Bundesliga Ost 2008/2009"]
[Site "3-5.10.Bruck,22-23.11.Poechlarn,17-18.1.Wr.Neust,28
[Date "2009.02.28"]
[Round "8"]
[Board "4"]
[White "Koffler, Daniel"]
[Black "Weinzettl, Ernst"]
[Result "1/2-1/2"]
[WhiteElo "2250"]
[BlackElo "2249"]
[PlyCount "44"]
[EventDate "2008.10.03"]
[EventType "team"]
[EventRounds "11"]
[EventCountry "AUT"]
[WhiteTeam "Blackburne Nickelsdorf"]
[BlackTeam "ASVOE VHS Poechlarn"]

1.e4 e6 2.d4 d5 3.e5 c5 4.c3 Bd7 5.Nf3 a6 6.a3 cxd4 7.cxd4 Bb5 8.Bxb5+ axb5
9.Bg5 Qa5+ 10.Nbd2 h6 11.Be3 b4 12.O-O bxa3 13.bxa3 Ne7 14.Qb3 Ra7 15.Rfc1 Nec6
16.Nf1 Be7 17.Ng3 O-O 18.Nh5 Qa4 19.Qd3 Qa6 20.Qd2 Qa4 21.Qd3 Qa6 22.Qd1 Qa4

[Event "2. Bundesliga Ost 2008/2009"]
[Site "3-5.10.Bruck,22-23.11.Poechlarn,17-18.1.Wr.Neust,28
[Date "2009.02.28"]
[Round "8"]
[Board "5"]
[White "Mittermayr, Gerhard"]
[Black "Bachofner, Andreas"]
[Result "0-1"]
[WhiteElo "2175"]
[BlackElo "2245"]
[PlyCount "68"]
[EventDate "2008.10.03"]
[EventType "team"]
[EventRounds "11"]
[EventCountry "AUT"]
[WhiteTeam "ASVOE VHS Poechlarn"]
[BlackTeam "Blackburne Nickelsdorf"]

1.e4 e6 2.d4 d5 3.Nd2 Nf6 4.e5 Nfd7 5.Bd3 c5 6.c3 Nc6 7.Ne2 cxd4 8.cxd4 f6 9.Nf4
Nxd4 10.Qh5+ Ke7 11.Ng6+ hxg6 12.exf6+ Nxf6 13.Qxh8 Kf7 14.f4 Nh5 15.O-O Ne2+
16.Kh1 Qh4 17.g4 Nhg3+ 18.Kg2 Qxh8 19.hxg3 Nxc1 20.Raxc1 Bd6 21.Nf3 Bd7 22.Rh1
Qd8 23.Rce1 Qb6 24.b3 Rc8 25.Re2 Rc3 26.Ng5+ Kf6 27.Rhe1 Bxf4 28.Nh7+ Ke7
29.gxf4 Rxd3 30.Ng5 d4 31.f5 gxf5 32.gxf5 Re3 33.Nxe6 Bxe6 34.fxe6 Qc6+

[Event "2. Bundesliga Ost 2008/2009"]
[Site "3-5.10.Bruck,22-23.11.Poechlarn,17-18.1.Wr.Neust,28
[Date "2009.02.28"]
[Round "8"]
[Board "6"]
[White "Bachofner, Christian"]
[Black "Gattermayer, Robert"]
[Result "0-1"]
[WhiteElo "2110"]
[BlackElo "2078"]
[PlyCount "112"]
[EventDate "2008.10.03"]
[EventType "team"]
[EventRounds "11"]
[EventCountry "AUT"]
[WhiteTeam "Blackburne Nickelsdorf"]
[BlackTeam "ASVOE VHS Poechlarn"]

1.Nf3 d5 2.d4 c6 3.Nbd2 Nf6 4.g3 Bg4 5.Bg2 Nbd7 6.c4 e6 7.O-O Be7 8.b3 O-O 9.Bb2
Re8 10.h3 Bh5 11.Re1 Ne4 12.cxd5 exd5 13.Nxe4 dxe4 14.Nh2 Bb4 15.Rf1 Nf6 16.g4
Bg6 17.e3 Nd5 18.Qe2 Qh4 19.Rfc1 Rad8 20.a4 h5 21.Rc4 Bd6 22.Rf1 f5 23.gxh5 Bxh5
24.Qc2 Re6 25.Kh1 Rde8 26.Rg1 f4 27.exf4 Nxf4 28.d5 cxd5 29.Bxe4 Rxe4 30.Rxg7+
Kf8 31.Rxe4 dxe4 32.Qc4 Ne6 33.Qc3 Qxf2 34.Rg2 Qf7 35.Qh8+ Ke7 36.Qh6 Bxh2
37.Kxh2 Qf4+ 38.Qxf4 Nxf4 39.Rg7+ Bf7 40.Rg4 Nd3 41.Rxe4+ Kf8 42.Ba3+ Kg7
43.Rg4+ Kf6 44.Rd4 Re2+ 45.Kg3 Re3+ 46.Kg2 Bxb3 47.Bd6 Ke6 48.Bb8 Bd5+ 49.Kh2 a6
50.h4 Ne1 51.Rb4 Bc6 52.h5 Kf5 53.h6 Nf3+ 54.Kg3 Ng5+ 55.Kf2 Rh3 56.Rf4+ Kg6

[Event "2. Bundesliga Ost 2008/2009"]
[Site "3-5.10.Bruck,22-23.11.Poechlarn,17-18.1.Wr.Neust,28
[Date "2009.02.28"]
[Round "8"]
[Board "1"]
[White "Schroll, Gerhard"]
[Black "Stohl, Igor"]
[Result "0-1"]
[WhiteElo "2430"]
[BlackElo "2531"]
[PlyCount "116"]
[EventDate "2008.10.03"]
[EventType "team"]
[EventRounds "11"]
[EventCountry "AUT"]
[WhiteTeam "1. Wr. Neustaedter SV"]
[BlackTeam "SK Advisory Invest Baden"]

1.d4 Nf6 2.Nf3 e6 3.Bg5 h6 4.Bxf6 Qxf6 5.e4 d6 6.Bd3 e5 7.dxe5 dxe5 8.Nbd2 Nd7
9.c3 a5 10.Nc4 Bc5 11.Qe2 O-O 12.O-O Re8 13.Nfd2 Bf8 14.Bc2 Nc5 15.Nb3 Ne6
16.Ncxa5 Nf4 17.Qf3 b6 18.Nc4 Nh3+ 19.Kh1 Qxf3 20.gxf3 Ba6 21.Nbd2 b5 22.Ne3 b4
23.c4 Red8 24.Nb3 c6 25.Kg2 Nf4+ 26.Kh1 Bc8 27.Rfd1 Rxd1+ 28.Nxd1 Bh3 29.Ne3 Be7
30.Nf5 Bf8 31.Kg1 g6 32.Ng3 Be6 33.c5 Rd8 34.Re1 Bxb3 35.Bxb3 Bxc5 36.Rd1 Rxd1+
37.Bxd1 Nd3 38.Ba4 Bxf2+ 39.Kf1 Bxg3 40.hxg3 c5 41.Bb5 Nxb2 42.Ke2 h5 43.Kd2 c4
44.Kc2 c3 45.a4 bxa3 46.Kxc3 g5 47.Kb3 h4 48.gxh4 gxh4 49.Kxa3 h3 50.Bf1 h2
51.Bg2 Nd3 52.Kb3 Kg7 53.Kc4 Nf4 54.Bh1 Kf6 55.Kc3 Ne2+ 56.Kd2 Ng3 57.Bg2 h1=Q
58.Bxh1 Nxh1

[Event "2. Bundesliga Ost 2008/2009"]
[Site "3-5.10.Bruck,22-23.11.Poechlarn,17-18.1.Wr.Neust,28
[Date "2009.02.28"]
[Round "8"]
[Board "2"]
[White "Loeffler, Stefan"]
[Black "Steiner, Adam"]
[Result "1-0"]
[WhiteElo "2411"]
[BlackElo "2212"]
[PlyCount "55"]
[EventDate "2008.10.03"]
[EventType "team"]
[EventRounds "11"]
[EventCountry "AUT"]
[WhiteTeam "SK Advisory Invest Baden"]
[BlackTeam "1. Wr. Neustaedter SV"]

1.d4 Nf6 2.c4 e5 3.dxe5 Ng4 4.Bf4 g5 5.Bd2 Nxe5 6.h4 g4 7.Bc3 Bg7 8.e4 Nbc6
9.Ne2 Bf6 10.Nf4 Bxh4 11.Nd5 Bg5 12.Rh5 f6 13.Na3 a6 14.f4 gxf3 15.gxf3 d6 16.f4
Bg4 17.Be2 Bxh5 18.Bxh5+ Kf8 19.fxg5 fxg5 20.Qd2 Rg8 21.c5 Rg7 22.O-O-O Kg8
23.Nxc7 Rxc7 24.cxd6 Rcc8 25.Nc4 Qf6 26.Qd5+ Kf8 27.Kb1 Nb4 28.Qxe5

[Event "2. Bundesliga Ost 2008/2009"]
[Site "3-5.10.Bruck,22-23.11.Poechlarn,17-18.1.Wr.Neust,28
[Date "2009.02.28"]
[Round "8"]
[Board "3"]
[White "Todor, Razvan"]
[Black "Brandner, Stefan"]
[Result "1/2-1/2"]
[WhiteElo "2215"]
[BlackElo "2296"]
[PlyCount "111"]
[EventDate "2008.10.03"]
[EventType "team"]
[EventRounds "11"]
[EventCountry "AUT"]
[WhiteTeam "1. Wr. Neustaedter SV"]
[BlackTeam "SK Advisory Invest Baden"]

1.c4 e5 2.Nc3 Nf6 3.Nf3 Nc6 4.g3 Bc5 5.Bg2 d6 6.d3 h6 7.O-O O-O 8.Na4 Bb6 9.Nxb6
axb6 10.b3 Bd7 11.Bb2 Qc8 12.a3 Bh3 13.e3 Nh7 14.Nd2 Bxg2 15.Kxg2 f5 16.f4 Qe6
17.Qf3 Rae8 18.Qd5 Nf6 19.Qxe6+ Rxe6 20.h3 exf4 21.exf4 Rfe8 22.Nf3 Nh5 23.Rae1
Re2+ 24.Rxe2 Rxe2+ 25.Rf2 Re3 26.Rd2 g5 27.fxg5 hxg5 28.Kf2 f4 29.g4 Ng3 30.Nxg5
Ne5 31.Bxe5 dxe5 32.b4 c6 33.a4 Kg7 34.c5 bxc5 35.bxc5 Kf6 36.h4 Kg6 37.a5 Kf6
38.Kg2 Re1 39.Rb2 Ra1 40.Rxb7 Rxa5 41.Nh7+ Ke6 42.Nf8+ Kd5 43.Rd7+ Kxc5 44.d4+
Kc4 45.dxe5 Rxe5 46.Ng6 Re3 47.Nxf4 Ne4 48.g5 c5 49.Rf7 Kb3 50.g6 c4 51.g7 Rg3+
52.Kh2 c3 53.Rb7+ Ka3 54.Ra7+ Kb3 55.Rb7+ Ka3 56.Ra7+

[Event "2. Bundesliga Ost 2008/2009"]
[Site "3-5.10.Bruck,22-23.11.Poechlarn,17-18.1.Wr.Neust,28
[Date "2009.02.28"]
[Round "8"]
[Board "4"]
[White "Sulyok, Michael"]
[Black "Wiedner, Robert"]
[Result "1/2-1/2"]
[WhiteElo "2227"]
[BlackElo "2189"]
[PlyCount "39"]
[EventDate "2008.10.03"]
[EventType "team"]
[EventRounds "11"]
[EventCountry "AUT"]
[WhiteTeam "SK Advisory Invest Baden"]
[BlackTeam "1. Wr. Neustaedter SV"]

1.c4 Nf6 2.Nc3 c5 3.g3 Nc6 4.Bg2 b6 5.Nf3 Bb7 6.O-O e6 7.d4 cxd4 8.Nxd4 Be7
9.Bf4 O-O 10.Ndb5 Ne8 11.Nd6 Nxd6 12.Bxd6 Na5 13.Bxe7 Qxe7 14.Bxb7 Nxb7 15.Qd4
Rfd8 16.Rfd1 Rac8 17.Nb5 a6 18.Nc3 Rc6 19.b3 h6 20.Rac1

[Event "2. Bundesliga Ost 2008/2009"]
[Site "3-5.10.Bruck,22-23.11.Poechlarn,17-18.1.Wr.Neust,28
[Date "2009.02.28"]
[Round "8"]
[Board "6"]
[White "Herndlbauer, Martin"]
[Black "Steiner, Bruno"]
[Result "0-1"]
[WhiteElo "2122"]
[BlackElo "2177"]
[PlyCount "86"]
[EventDate "2008.10.03"]
[EventType "team"]
[EventRounds "11"]
[EventCountry "AUT"]
[WhiteTeam "SK Advisory Invest Baden"]
[BlackTeam "1. Wr. Neustaedter SV"]

1.e4 c5 2.Nf3 e6 3.d3 d6 4.g3 Nc6 5.Bg2 Nf6 6.O-O Be7 7.h3 O-O 8.Be3 b6 9.Nh4 d5
10.f4 dxe4 11.dxe4 Ba6 12.Re1 Qxd1 13.Rxd1 Nb4 14.Rc1 Rad8 15.a3 Nc6 16.a4 Rd7
17.Nc3 Rfd8 18.Nf3 Ne8 19.g4 Nd6 20.b3 Nb7 21.Nb5 f6 22.Bf1 Nba5 23.Rab1 Nb4
24.c3 Nd3 25.Rd1 Bb7 26.Nd2 a6 27.Na3 Bc6 28.Nac4 Nxc4 29.Nxc4 b5 30.axb5 axb5
31.Nd2 b4 32.cxb4 cxb4 33.Be2 Bb7 34.Bf3 Bc5 35.Nc4 Bxe3+ 36.Nxe3 Nxf4 37.Kh2
Rd3 38.Nc2 Bxe4 39.Nxb4 Rd2+ 40.Kg3 Bxb1 41.Rxb1 g5 42.Ra1 Rb8 43.Ra4 Ne2+

[Event "2. Bundesliga Ost 2008/2009"]
[Site "3-5.10.Bruck,22-23.11.Poechlarn,17-18.1.Wr.Neust,28
[Date "2009.02.28"]
[Round "8"]
[Board "1"]
[White "Sommerbauer, Norbert"]
[Black "Manik, Mikulas"]
[Result "1/2-1/2"]
[WhiteElo "2471"]
[BlackElo "2448"]
[PlyCount "54"]
[EventDate "2008.10.03"]
[EventType "team"]
[EventRounds "11"]
[EventCountry "AUT"]
[WhiteTeam "Raiffeisen Waehring"]
[BlackTeam "ASVOE Pamhagen"]

1.Nf3 Nf6 2.c4 e6 3.g3 d5 4.b3 b6 5.Bb2 Bb7 6.Bg2 dxc4 7.bxc4 Be7 8.O-O O-O
9.Nc3 c5 10.e3 Nc6 11.Qe2 Nb4 12.Ne1 Bxg2 13.Kxg2 Rc8 14.a3 Nc6 15.f4 Ne8 16.f5
exf5 17.Rxf5 Bf6 18.Nf3 Nd6 19.Rd5 Ne7 20.Rxd6 Qxd6 21.Ne4 Qe6 22.Nxf6+ gxf6
23.Rf1 Rcd8 24.Nh4 f5 25.Bc3 f6 26.Kg1 Rd6 27.Ng2 Ng6

[Event "2. Bundesliga Ost 2008/2009"]
[Site "3-5.10.Bruck,22-23.11.Poechlarn,17-18.1.Wr.Neust,28
[Date "2009.02.28"]
[Round "8"]
[Board "2"]
[White "Alvir, Aco"]
[Black "Schneider-Zinner, Harald"]
[Result "1/2-1/2"]
[WhiteElo "2386"]
[BlackElo "2394"]
[PlyCount "37"]
[EventDate "2008.10.03"]
[EventType "team"]
[EventRounds "11"]
[EventCountry "AUT"]
[WhiteTeam "ASVOE Pamhagen"]
[BlackTeam "Raiffeisen Waehring"]

1.e4 c6 2.d4 d5 3.Nc3 dxe4 4.Nxe4 Bf5 5.Ng3 Bg6 6.h4 h6 7.Nf3 Nd7 8.h5 Bh7 9.Bd3
Bxd3 10.Qxd3 e6 11.Bf4 Qa5+ 12.Bd2 Bb4 13.c3 Be7 14.c4 Qc7 15.Ne4 Ngf6 16.O-O-O
b5 17.Nxf6+ Nxf6 18.c5 Nd5 19.Ne5

[Event "2. Bundesliga Ost 2008/2009"]
[Site "3-5.10.Bruck,22-23.11.Poechlarn,17-18.1.Wr.Neust,28
[Date "2009.02.28"]
[Round "8"]
[Board "4"]
[White "Vitouch, Anatol"]
[Black "Kirschner, Alexander"]
[Result "1/2-1/2"]
[WhiteElo "2230"]
[BlackElo "2224"]
[PlyCount "120"]
[EventDate "2008.10.03"]
[EventType "team"]
[EventRounds "11"]
[EventCountry "AUT"]
[WhiteTeam "ASVOE Pamhagen"]
[BlackTeam "Raiffeisen Waehring"]

1.Nf3 Nf6 2.g3 c5 3.b3 g6 4.Bb2 Bg7 5.Bg2 O-O 6.c4 Nc6 7.O-O d6 8.Nc3 Bd7 9.e3
Rb8 10.d4 a6 11.Qe2 Qc8 12.dxc5 dxc5 13.Nd5 Bh3 14.Rfd1 Bxg2 15.Kxg2 b6 16.Nxf6+
exf6 17.Rd6 Qc7 18.Qd2 Nd4 19.Rd5 Ne6 20.Rd1 b5 21.Bc3 b4 22.Bb2 Rfd8 23.e4 a5
24.Qc2 Ra8 25.Rxd8+ Rxd8 26.Rd5 Ra8 27.Bc1 Qc6 28.Be3 Bf8 29.h4 h5 30.Qd3 a4
31.Nd2 axb3 32.axb3 Re8 33.f3 Qa8 34.Rd7 Qa1 35.f4 Bh6 36.Rd5 Qc3 37.Nb1 Qb2+
38.Kf3 Ra8 39.Nd2 Qc1 40.Qf1 Qb2 41.Qb1 Qxb1 42.Nxb1 Rc8 43.Nd2 Kf8 44.Ke2 Ke8
45.Nf3 Bf8 46.Ne1 Ra8 47.Nc2 Ra2 48.Kd1 Rb2 49.Rd3 Rb1+ 50.Kd2 Be7 51.Bf2 Bf8
52.Ne1 Rb2+ 53.Nc2 Rb1 54.f5 Bh6+ 55.Be3 Bxe3+ 56.Kxe3 Nf8 57.Ke2 Nd7 58.Ne1 Ne5
59.Re3 Ng4 60.Rf3 Ke7

[Event "2. Bundesliga Ost 2008/2009"]
[Site "3-5.10.Bruck,22-23.11.Poechlarn,17-18.1.Wr.Neust,28
[Date "2009.02.28"]
[Round "8"]
[Board "5"]
[White "Lovrinovic, Christian"]
[Black "Kuthan, Andreas"]
[Result "1/2-1/2"]
[WhiteElo "2198"]
[BlackElo "2201"]
[PlyCount "26"]
[EventDate "2008.10.03"]
[EventType "team"]
[EventRounds "11"]
[EventCountry "AUT"]
[WhiteTeam "Raiffeisen Waehring"]
[BlackTeam "ASVOE Pamhagen"]

1.c4 e6 2.g3 Nf6 3.Bg2 d5 4.Qc2 Be7 5.Nf3 O-O 6.O-O c5 7.d3 Nc6 8.a3 b6 9.cxd5
Nxd5 10.Nc3 Bb7 11.Rd1 Rc8 12.Ne4 Nf6 13.Ned2 Nd4

[Event "2. Bundesliga Ost 2008/2009"]
[Site "3-5.10.Bruck,22-23.11.Poechlarn,17-18.1.Wr.Neust,28
[Date "2009.02.28"]
[Round "8"]
[Board "6"]
[White "Froschauer, Hans"]
[Black "Stuhlik, Marko"]
[Result "1-0"]
[WhiteElo "2147"]
[BlackElo "2185"]
[PlyCount "95"]
[EventDate "2008.10.03"]
[EventType "team"]
[EventRounds "11"]
[EventCountry "AUT"]
[WhiteTeam "ASVOE Pamhagen"]
[BlackTeam "Raiffeisen Waehring"]

1.e4 g6 2.d4 c6 3.Nf3 Bg7 4.Bd3 d6 5.h3 Nd7 6.O-O e5 7.c3 Ngf6 8.Be3 O-O 9.Re1
Qc7 10.Qc2 Re8 11.Nbd2 h6 12.Rac1 Nh5 13.Nf1 Nf8 14.Ng3 Nxg3 15.fxg3 Be6 16.b3
Re7 17.Qf2 b6 18.Rf1 Rae8 19.dxe5 dxe5 20.Nh4 Rd8 21.Be2 Nh7 22.Rcd1 Rxd1
23.Bxd1 Qd8 24.Bc2 Rd7 25.a4 Qe7 26.c4 Qd8 27.Kh2 Rd6 28.Nf3 c5 29.Nd2 Qe8
30.Nb1 Bc8 31.Nc3 Rf6 32.Qe2 Rxf1 33.Qxf1 Nf8 34.Nd5 Qd8 35.Bd1 h5 36.Qf2 Kh7
37.Qxf7 Be6 38.Qxa7 Bxd5 39.cxd5 h4 40.Qf7 hxg3+ 41.Kxg3 Nd7 42.Bf3 Nf6 43.h4
Qe8 44.Qxe8 Nxe8 45.a5 bxa5 46.Bxc5 Bh6 47.Bg4 Bd2 48.d6